Молодежь, наука, творчество - 2010 (Запись № 1012003)

Подробности
000 -МАРКЕР
контрольное поле 01937nam1a2200337 i 4500
001 - ИДЕНТИФИКАТОР ЗАПИСИ
контрольное поле RU\NLR\bibl\1674852
005 - ИДЕНТИФИКАТОР ВЕРСИИ
контрольное поле 20260407234357.0
035 ## - ДРУГИЕ СИСТЕМНЫЕ НОМЕРА
Идентификатор записи (NLR Aleph) 001666095
100 ## - ДАННЫЕ ОБЩЕЙ ОБРАБОТКИ
Данные общей обработки 20100915g20109999k y0rusy50 ca
101 0# - ЯЗЫК РЕСУРСА
Язык текста, звукозаписи и т.д. русский
102 ## - СТРАНА ПУБЛИКАЦИИ ИЛИ ПРОИЗВОДСТВА
Страна публикации российская федерация
105 ## - ПОЛЕ КОДИРОВАННЫХ ДАННЫХ: ТЕКСТОВЫЕ МАТЕРИАЛЫ, МОНОГРАФИЧЕСКИЕ
Кодированные данные о монографическом текстовом документе ||||z |||||
200 1# - ЗАГЛАВИЕ И СВЕДЕНИЯ ОБ ОТВЕТСТВЕННОСТИ
Основное заглавие Молодежь, наука, творчество - 2010
Сведения, относящиеся к заглавию VIII Межвузовская научно-практическая конференция студентов и аспирантов (Омск, 11-14 мая 2010 года)
-- сборник материалов
-- в 2-х ч.
Первые сведения об ответственности под общ. ред. проф. Л.О. Штриплинга
210 ## - ПУБЛИКАЦИЯ, РАСПРОСТРАНЕНИЕ И ДР.
Место издания, распространения и т.д. Омск
Имя издателя, распространителя и т. д. ОГИС
Дата издания, распространения и т.д. 2010
215 ## - ФИЗИЧЕСКАЯ ХАРАКТЕРИСТИКА
Размеры 29
300 ## - ОБЩИЕ ПРИМЕЧАНИЯ
Текст примечания Загл. обл.: Молодежь, наука, творчество
300 ## - ОБЩИЕ ПРИМЕЧАНИЯ
Текст примечания В надзаг.: Федер. агентство по образованию, М-во образования Ом. обл., Ом. гос. ин-т сервиса
463 #0 - УРОВЕНЬ ФИЗИЧЕСКОЙ ЕДИНИЦЫ
Встроенное поле 0011667201
463 #0 - УРОВЕНЬ ФИЗИЧЕСКОЙ ЕДИНИЦЫ
Встроенное поле 0011665331
512 0# - ЗАГЛАВИЕ ОБЛОЖКИ
Заглавие обложки Молодежь, наука, творчество
606 ## - НАИМЕНОВАНИЕ ТЕМЫ КАК ПРЕДМЕТ
Наименование темы Высшие учебные заведения
Формальный подзаголовок Сборники
Тематический подзаголовок Научные конференции
Географический подзаголовок Томск, город
Системный номер авторитетной/нормативной записи 2198584
Идентификатор авторитетной/нормативной записи RU\NLR\auth\661321272
686 ## - ИНДЕКСЫ ДРУГИХ КЛАССИФИКАЦИЙ
Индекс Я431(2)3
702 #1 - ИМЯ ЛИЦА - ВТОРИЧНАЯ ОТВЕТСТВЕННОСТЬ
Код отношения Редактор
Начальный элемент ввода Штриплинг
Часть имени, кроме начального элемента ввода Л. О.
Расширение инициалов личного имени Лев Оттович
Системный номер авторитетной/нормативной записи 138744
Идентификатор авторитетной/нормативной записи RU\NLR\AUTH\770138779
711 12 - НАИМЕНОВАНИЕ ОРГАНИЗАЦИИ - АЛЬТЕРНАТИВНАЯ ОТВЕТСТВЕННОСТЬ
Начальный элемент ввода "Молодежь, наука, творчество - 2010", межвузовская научно-практическая конференция студентов и аспирантов
Порядковый номер временной организации и / или порядковый номер ее части 8
Место проведения временной организации Омск
Идентификатор авторитетной/нормативной записи RU\NLR\AUTH\8810161192
Системный номер авторитетной/нормативной записи 818288
801 #0 - ИСТОЧНИК ЗАПИСИ
Страна российская федерация
Организация NLR
Дата составления 20100915
Правила каталогизации RCR
801 #1 - ИСТОЧНИК ЗАПИСИ
Страна российская федерация
Организация NLR
Дата составления 20100915
852 ## - МЕСТОНАХОЖДЕНИЕ И ШИФР ХРАНЕНИЯ
Идентификатор организации NLR
Шифр хранения (Call Number) 2010-8/2450
942 ## - ДОПОЛНИТЕЛЬНЫЕ ЭЛЕМЕНТЫ ЗАПИСИ (АБИС)
Тип экземпляра АБИС Книга

Нет доступных экземпляров.